<?xml version="1.0" encoding="UTF-8"?>
<record
    xmlns:xsi="http://www.w3.org/2001/XMLSchema-instance"
    xsi:schemaLocation="http://www.loc.gov/MARC21/slim http://www.loc.gov/standards/marcxml/schema/MARC21slim.xsd"
    xmlns="http://www.loc.gov/MARC21/slim">

  <leader>04032nab a2200289 i 4500</leader>
  <controlfield tag="003">BR-BrBNA</controlfield>
  <controlfield tag="005">20241203083040.0</controlfield>
  <controlfield tag="008">241203b2010    bl.qr|pooa||| 00| 0 por |</controlfield>
  <datafield tag="040" ind1=" " ind2=" ">
    <subfield code="a">BR-BrBNA</subfield>
    <subfield code="b">por</subfield>
  </datafield>
  <datafield tag="072" ind1=" " ind2=" ">
    <subfield code="a">K10</subfield>
  </datafield>
  <datafield tag="072" ind1=" " ind2=" ">
    <subfield code="a">F70</subfield>
  </datafield>
  <datafield tag="100" ind1=" " ind2=" ">
    <subfield code="a">Dan, Maur&#xED;cio Lima </subfield>
  </datafield>
  <datafield tag="100" ind1=" " ind2=" ">
    <subfield code="a">Braga, Jo&#xE3;o Marcelo Alvarenga </subfield>
  </datafield>
  <datafield tag="100" ind1=" " ind2=" ">
    <subfield code="a">Nascimento, Marcelo Trindade </subfield>
  </datafield>
  <datafield tag="245" ind1=" " ind2=" ">
    <subfield code="a">Estrutura da comunidade arb&#xF3;rea de fragmentos de floresta estacional semidecidual na bacia hidrogr&#xE1;fica do rio S&#xE3;o Domingos, Rio de Janeiro, Brasil</subfield>
  </datafield>
  <datafield tag="500" ind1=" " ind2=" ">
    <subfield code="a">Publica&#xE7;&#xE3;o on-line; Bibliography p. 764-766 (50 ref.); 5 tables; 5 illus.; Summaries (En, Pt) </subfield>
  </datafield>
  <datafield tag="520" ind1=" " ind2=" ">
    <subfield code="a">

Resumo

Pouco se conhece sobre a estrutura e composi&#xE7;&#xE3;o flor&#xED;stica das florestas do noroeste fluminense, intensamente
fragmentadas. Assim, o presente estudo objetivou contribuir para o conhecimento da flora arb&#xF3;rea desta regi&#xE3;o
respondendo as seguintes quest&#xF5;es: Qual a composi&#xE7;&#xE3;o flor&#xED;stica dos fragmentos e que esp&#xE9;cies os caracterizam? A
comunidade arb&#xF3;rea dos fragmentos da Bacia Hidrogr&#xE1;fica do Rio S&#xE3;o Domingos (BHRSD) possui elevada riqueza e
diversidade flor&#xED;stica? Em que est&#xE1;dio sucessional se encontram os fragmentos florestais da BHRSD? Foram selecionados
quatro fragmentos florestais. Em cada um dos fragmentos foram instaladas cinco parcelas de 20 m &#xD7; 20 m. Todos os
indiv&#xED;duos vivos e mortos com DAP &#x2265; 5 cm foram amostrados. Um total de 198 t&#xE1;xons pertencentes a 52 fam&#xED;lias
bot&#xE2;nicas foi amostrado. As esp&#xE9;cies mais abundantes foram Apuleia leiocarpa, Gallesia integrifolia, Dalbergia nigra
e Guarea guidonia. Os valores de riqueza e de diversidade (H&#x2019;) de esp&#xE9;cies nas cinco diferentes &#xE1;reas amostrais (0,2 ha)
variaram de 33 a 89 e 2,81 a 3,87. Os fragmentos, apesar de secund&#xE1;rios e em est&#xE1;dio intermedi&#xE1;rio de sucess&#xE3;o,
apresentaram elevada diversidade, riqueza e uma composi&#xE7;&#xE3;o peculiar de esp&#xE9;cies arb&#xF3;reas, que parece receber
influ&#xEA;ncias flor&#xED;sticas de forma&#xE7;&#xF5;es florestais ombr&#xF3;filas e semidec&#xED;duas do sudeste brasileiro. Sugere-se que estas
referidas caracter&#xED;sticas estejam relacionadas &#xE0; posi&#xE7;&#xE3;o geogr&#xE1;fica da regi&#xE3;o.

Palavras-chave: composi&#xE7;&#xE3;o flor&#xED;stica, diversidade arb&#xF3;rea, fragmenta&#xE7;&#xE3;o florestal, noroeste fluminense.
</subfield>
  </datafield>
  <datafield tag="520" ind1=" " ind2=" ">
    <subfield code="a">

Abstract

Little is known about the structure and floristic composition of the highly fragmented northwestern Rio de Janeiro
forests. Thus, this study aimed to address the following questions: What is the floristic composition and which species
characterize it? Does the tree community show high species richness and diversity? What are the successional stages?
Four fragments were selected. Five 20 m &#xD7; 20 m plots were allocated in each fragment and all dead and alive trees
&#x2265; 5 cm DBH were sampled. A total of 198 taxa belonging to 52 families was sampled. The most important species were
Apuleia leiocarpa, Gallesia integrifolia, Dalbergia nigra and Guarea guidonia. The values of richness and species
diversity (H&#x2019;) in five different sample areas (0.2 ha) ranged from 33 to 89 and from 2.81 to 3.87, respectively. The
forest fragments, although secondary and in a mid-successional stage, had a particular species composition, high
diversity and richness, and seem to have floristic influence from both semideciduous and evergreen forests of
southeastern Brazil. These characteristics are probably related to the geographic position of the region.

Key words: floristic composition, tree diversity, forest fragments, northwestern Rio de Janeiro state.</subfield>
  </datafield>
  <datafield tag="650" ind1=" " ind2=" ">
    <subfield code="a">COMPOSI&#xC7;&#xC3;O BOT&#xC2;NICA</subfield>
  </datafield>
  <datafield tag="650" ind1=" " ind2=" ">
    <subfield code="a">BIODIVERSIDADE</subfield>
  </datafield>
  <datafield tag="650" ind1=" " ind2=" ">
    <subfield code="a">FLORESTA</subfield>
  </datafield>
  <datafield tag="650" ind1=" " ind2=" ">
    <subfield code="a">NOROESTE FLUMINENSE</subfield>
  </datafield>
  <datafield tag="773" ind1="0" ind2=" ">
    <subfield code="0">709</subfield>
    <subfield code="9">346876</subfield>
    <subfield code="d">Rio de Janeiro-RJ Jardim Botanico do Rio de Janeiro 1935</subfield>
    <subfield code="o">2024-7673</subfield>
    <subfield code="t">Rodrigu&#xE9;sia (Brazil)</subfield>
    <subfield code="x">0370-6583; 2175-7860 on-line</subfield>
    <subfield code="g">v. 61(4) p. 749-766; (2010)</subfield>
  </datafield>
  <datafield tag="856" ind1=" " ind2=" ">
    <subfield code="u">https://www.scielo.br/j/rod/a/jTZC9Xxs9BqDkrCnhggrH7K/?format=pdf&amp;lang=pt</subfield>
  </datafield>
  <datafield tag="942" ind1=" " ind2=" ">
    <subfield code="c">ANA</subfield>
  </datafield>
  <datafield tag="999" ind1=" " ind2=" ">
    <subfield code="c">328966</subfield>
    <subfield code="d">328966</subfield>
  </datafield>
</record>
